Quel est ce titre de Dinos ? #2 - Statistiques

Statistiques générales
  • Ce quiz a été pris 5 fois
  • Le résultat moyen est 6 sur 15
Statistiques - réponses
Extrait Chanson % Correct
J'ai des trous d'mémoire, j'ai des trous d'mémoire Qu'est-c'que ça fait d'être heureux ? Je n'me souviens pas, j'ai des trous d'mémoire XNXX
75%
J'ai pas la conscience tranquille mais j'ai les poches pleines Au quartier y'a d'la neige mais on sait pas faire d'bobsleigh Ou j'vis, ou j'meurs, ou j'traine L'argent c'est l'meilleur des pouvoirs demande à Bruce Wayne Diptyque
50%
Je fais les gros titres dans ton groupe chat, toutes tes copines (Girls don't cry, cry)
Dans les gossips parlaient de moi, ça s'égosille (Girls don't cry, cry)
Le clap de fin parce qu'on était dans un movie (Girls don't cry, cry)
Pas d'émoji pour s'dire au revoir
GIRLS DON'T CRY
50%
Le mariage, c'est pour faire plaisir à la daronne Mais j'te demanderai quand même si tu veux m'épouser Le temps répare mais regarde autour de nous comment les gens s'séparent Rouge Drama
50%
Les gens bien finissent mal, les gens mauvais finissent mal aussi Mais tout se négocie, tout se falsifie Tout c'qui est bon est illégal, alors j'commence à croire Que si l'amour c'était si bien, ça serait interdit par la loi Taciturne
50%
Quelques notes sur un piano, quelques fautes sur un texto Quelques sourires juste en coin J'connais pas grand-chose d'la vie Plus j'avance, plus je pense, que j'me rapproche de la fin J'ai la vision des trente piges, c'est la saison des gens tristes Triste anniversaire
50%
Au début j'te jugeais, parce que j'comprenais pas Et finalement j'ai compris que ça s'contrôlait pas J'me sens un peu coupable de m'être écarté d'toi Mais tu sais comment c'est au fond des quartiers froids ADN
25%
Je pourrais m'endormir dans le déni, je pourrais me réveiller dans l'oubli, me noyer dans l'alcool Avant je voulais le monde, à l'endroit ou à l'envers, aujourd'hui peu m'importe CENT FOIS
25%
On s'faisait la guerre, sans se séparer On s'entendait bien, sans se parler J'me rappelle plus la source du problème J'ai ken une autre, c'était pas pareil (no) Ciel pleure
25%
J'ai grandi juste en haut du rrain-té, donc le coffre et le cœur sont blindés J'ai jamais balance, jamais plainté J'ai jamais balance, jamais plainté Mais trouver le sommeil, du mal à trouver le sommeil 911, j'ai pas d'mis-per DMX
25%
Ils ont lu deux-trois articles sur le Bitcoin, maintenant ils s'prennent pour des tradeurs Une meuf mimi sur le côté gauche, un 9 milli' sur le côté droit Tu veux faire style tu nous connais toi ? (ouais) Tu veux faire style tu nous connais toi ? Future Ex
25%
J'ai l'Glock comme un kosovar (Pah-pah) J'ai d'l'or sur ma Chronographe (Alors) On s'aime mais on s'comprend pas On s'DM mais on s'follow pas LOWKEY
25%
J'vois nos souvenirs comme la poussière au-dessus d'la pelle Mon phone sonne j'sais déjà qu'c'est toi qui m'appelle J'ai refusé l'amour comme si j'avais peur de vivre Le brolique ça fait peur même quand le chargeur est vide Prends mes lovés
25%
Dieu merci, j'suis devenu surcoté J'suis d'plus en plus fatigué, j'trouve plus l'sommeil J'vais m'faire livrer ma graille sur une autre rue J'suis trop méfiant j'sais qu'le Uber Eats m'a reconnu Surcôté
25%
Le reflet d'mon ennemi dans l'miroir C'est jamais tout blanc, c'est jamais tout noir, c'est d'la couleur que tu décides de voir Personne te comprends, mais est-ce que c'est grave ? Si t'as l'impression d'être seul, c'est parce que c'est l'cas Zèbre
25%
Aucun quiz correspondant
Distribution des résultats
% des personnes avec chaque résultat
Percentile par nombre de réponses
Votre historique - résultats
Vous n’avez pas pris ce quiz